Normal view
MARC view
- children-Behavioural problems
Entry Topical Term
001 - CONTROL NUMBER
- control field: 141
003 - CONTROL NUMBER IDENTIFIER
- control field: JO-AjAnu
005 - DATE AND TIME OF LATEST TRANSACTION
- control field: 20230606070326.0
008 - FIXED-LENGTH DATA ELEMENTS
- fixed length control field: 230606|| aca||aabn | a|a d
040 ## - CATALOGING SOURCE
- Original cataloging agency: JO-AjAnu
- Transcribing agency: JO-AjAnu
150 ## - HEADING--TOPICAL TERM
- Topical term or geographic name entry element: children-Behavioural problems
670 ## - SOURCE DATA FOUND
- Source citation: Work cat.: (JO-AjAnu)74: BBU,PRASA/Raju<m.v.r (editors)/Rao,Digumarti BHASKARA, author 140, Behavioural problems of school children